00905cam a22002531 4500001001300000003000400013005001700017008004100034010001700075015002000092035002000112040001700132042001200149050004300161100003100204245018300235250001300418260003400431300003100465500008500496504002600581650002700607999001700634sa 66003454 DLC20260227112236.0841018s1964 io a b 000 0 ara  asa 66003454  aPL480:Indo-2426 a(OCoLC)11282426 aDLCcWUdDLC apremarc00aLAW 1 aYunus, Mahmud,d1899-1982.10aHukum perkawinan dalam Islam.bDisusun setjara Buku undang-undang Barat, menurut mazbab Sjafiʼi, Hanafi, Maliki dan Hanbali, serta diberi dalil² dan keterangan jang memuaskan. aTjet. 3. aDjakarta,bAl-Hidajah,c1964. axi, 169 p.billus.c21 cm. a"Lampiran" (p. 149-165) includes quotations in Arabic from the Koran and hadith. aBibliography: p. 169. 0aMarriage (Islamic law) c68899d68899